| 000 | 00774cam a2200229 a 4500 | ||
|---|---|---|---|
| 001 | 000006931 | ||
| 005 | 20200929154027.0 | ||
| 008 | 830429s1974 cu ac b 000 0bspa | ||
| 035 | _a(DLC) 83103902 | ||
| 040 |
_aDO-SdBNP _cDLC _dDLC _dBNPHU |
||
| 082 |
_a923.291 _bM378M, 1974 |
||
| 100 | 1 |
_aMartínez Estrada, Ezequiel, _d1895-1964. _92854 |
|
| 245 | 1 | 0 |
_aMartí, revolucionario / _cEzequiel Martinez Estrada. |
| 250 | _a2a ed. | ||
| 260 |
_aLa Habana, (Cuba) : _bCasa de las Américas ;, _c1974. |
||
| 300 |
_a610 : _bil., ports. ; _c23 cm. |
||
| 504 | _aIncluye referencias bibliográfica. | ||
| 600 | 1 | 0 |
_aMARTÍ, JOSÉ, _d1853-1895. _xBIOGRAFÍA _919222 |
| 650 | 4 |
_aRevolucionarios _zCuba _xBiografía. _919224 |
|
| 910 | _aCatalogación por copia / LC | ||
| 049 | _aBNGR | ||
| 999 |
_c6715 _d6715 |
||